4 Decades of TV Show Premieres IV Quiz Stats

 Plays Quiz Updated Dec 13, 2018

Support Sporcle.
Go Orange.
Score 0/20 Timer 04:00
2 Plays Today
Question Answer Wrong Answers
He-Man and the Masters of the Universe 1980s
82.6%
1990s
8.5%
2000s
3.4%
2010s
1.8%
Game of Thrones 2010s
81.7%
1980s
0.3%
1990s
0.4%
2000s
14.4%
Family Ties 1980s
81.6%
1990s
11.1%
2000s
3.2%
2010s
0.7%
Frasier 1990s
79.8%
1980s
13%
2000s
3.5%
2010s
0.3%
Moonlighting 1980s
78.9%
1990s
11%
2000s
3.9%
2010s
2.6%
Westworld 2010s
76.3%
1980s
4%
1990s
5.3%
2000s
10.8%
South Park 1990s
72.8%
1980s
2.2%
2000s
20.7%
2010s
1%
American Dad! 2000s
69%
1980s
1.2%
1990s
7.3%
2010s
19.2%
Master of None 2010s
69%
1980s
7%
1990s
8.1%
2000s
12.3%
Scrubs 2000s
68.8%
1980s
1.1%
1990s
24.6%
2010s
2.2%
The Transformers 1980s
68.3%
1990s
16%
2000s
9.3%
2010s
3%
Melrose Place 1990s
68.3%
1980s
24%
2000s
3.7%
2010s
0.7%
True Detective 2010s
67.5%
1980s
4.8%
1990s
7.7%
2000s
16.5%
The Nanny 1990s
67.4%
1980s
20.3%
2000s
7.2%
2010s
1.8%
Mad Men 2000s
65.2%
1980s
1.9%
1990s
7.7%
2010s
21.9%
The Wire 2000s
64.5%
1980s
1.9%
1990s
17.1%
2010s
13.2%
Bob's Burgers 2010s
63%
1980s
2.2%
1990s
4.6%
2000s
26.8%
Dora the Explorer 2000s
57.5%
1980s
3.9%
1990s
31.4%
2010s
4%
The Crocodile Hunter 1990s
56.6%
1980s
13%
2000s
25.2%
2010s
1.7%
Only Fools and Horses 1980s
55.1%
1990s
12.1%
2000s
9.4%
2010s
19.7%

From the Vault

Anatomy 7-to-1

by samc67

Science 6m
We hope you find this pun humerus.
Remove Ads.
Support Sporcle.
Get the best of Sporcle when you Go Orange. This ad-free experience offers more features, more stats, and more fun while also helping to support Sporcle. Thank you for becoming a member.

Show Comments

Extras

Top Quizzes Today


Score Distribution

Your Account Isn't Verified!

In order to create a playlist on Sporcle, you need to verify the email address you used during registration. Go to your Sporcle Settings to finish the process.

Report this User

Report this user for behavior that violates our Community Guidelines.

Details: